載入...

Kottaratheruvu

書目詳細資料
主要作者: Mahfouz, Naguib
其他作者: Suhara, B. M. to by
格式: Printed Book
語言:English
出版: Thiruvananthapuram Chintha publishers 2011
主題:
LEADER 00664 a2200193 4500
005 20151026133207.0
008 130530b xxu||||| |||| 00| 0 eng d
020 |a 8126207086 
080 |a FM  |b MAH/K 
100 |a  Mahfouz, Naguib 
245 |a Kottaratheruvu  |c Naguib Mahfouz; to-by BM Suhara 
260 |b Chintha publishers  |c 2011  |a Thiruvananthapuram 
300 |a 328p. 
653 |a Fiction - Malayalam literature 
653 |a Fiction - Arabic literature 
700 |a Suhara, B. M. to by. 
942 |c BK  |6 _ 
999 |c 64995  |d 64995 
952 |0 0  |1 0  |2 udc  |4 0  |6 FM_MAHK  |7 0  |9 77353  |a UL  |b UL  |d 2013-02-28  |g 0.00  |l 12  |o FM MAH/K  |p 00069475  |r 2015-07-25  |s 2015-07-02  |v 0.00  |w 2013-02-28  |y BK